|
|
|
|
| LEADER |
01162nam a2200241 a 4500 |
| 001 |
15493451 |
| 008 |
090519s1987 sz a b 000 0 eng d |
| 020 |
|
|
|a 9241560975
|
| 040 |
|
|
|a DLC
|c DLM
|d ORE
|
| 110 |
2 |
|
|a World Health Organization.
|
| 245 |
1 |
4 |
|a The community health worker :
|b working guide, guidelines for training, guidelines for adaptation.
|
| 250 |
|
|
|a Rev. and enlarged ed.
|
| 260 |
|
|
|a Geneva :
|b World Health Organization ;
|a [Albany, N.Y. :
|b available from WHO Publications Center USA],
|c 1987.
|
| 300 |
|
|
|a 463 p. :
|b ill. ;
|c 24 cm.
|
| 504 |
|
|
|a Includes bibliographical references.
|
| 541 |
1 |
|
|e 00004158
|
| 500 |
|
|
|a Revised and enlarged editon of: The primary health worker, rev. ed., 1980.
|
| 650 |
|
0 |
|a Community health services
|x Handbooks, manuals, etc.
|
| 650 |
|
0 |
|a Community health aides
|x Handbooks, manuals, etc.
|
| 650 |
|
0 |
|a Community health aides
|x Training of.
|
| 852 |
4 |
|
|a <add your library>
|j <shelf mark>
|
| 999 |
|
|
|c 833
|d 833
|
| 952 |
|
|
|0 0
|1 0
|2 ddc
|4 0
|6 362_104250000000000_WHO_1987
|7 0
|8 NFIC
|9 777
|a BRACUL
|b BRACUL
|c GEN
|d 2009-05-19
|g 0.00
|l 0
|o 362.10425 WHO
|p 3010004158
|r 2009-05-19
|t 1
|w 2009-05-19
|y BK
|x No price found in the accession register.
|